Central Library OPAC University of Rajshahi

ট্যাক্সিডার্মির আধুনিক কলাকৌশল / (Record no. 74245)

MARC details
000 -LEADER
fixed length control field 00970nam a2200241 a 4500
001 - CONTROL NUMBER
control field 74245
003 - CONTROL NUMBER IDENTIFIER
rucl marc code BD-RjUL
005 - DATE AND TIME OF LATEST TRANSACTION
control field 20211209082524.0
008 - FIXED-LENGTH DATA ELEMENTS--GENERAL INFORMATION
fixed length control field 180412s2016 bg af||| ||b| 00| 0 ben d
020 ## - INTERNATIONAL STANDARD BOOK NUMBER
International Standard Book Number 9789843411310
Terms of availability : Tk. 350.00
035 ## - SYSTEM CONTROL NUMBER
System control number (BD-RjUL)74463
040 ## - CATALOGING SOURCE
Original cataloging agency BD-RjUL
Language of cataloging ben
Transcribing agency BD-RjUL
Modifying agency BD-RjUL
041 ## - LANGUAGE CODE
Language code of text/sound track or separate title ben
082 ## - DEWEY DECIMAL CLASSIFICATION NUMBER
Edition number 23
Classification number 590.752
Author mark and year HOT 2016
100 1# - MAIN ENTRY--PERSONAL NAME
Personal name হোসেন, মো: দেলোয়ার
9 (RLIN) 221139
245 1# - TITLE STATEMENT
Title ট্যাক্সিডার্মির আধুনিক কলাকৌশল /
Statement of responsibility, etc. মো: দেলোয়ার হোসেন
260 ## - PUBLICATION, DISTRIBUTION, ETC. (IMPRINT)
Place of publication, distribution, etc. ঢাকা :
Name of publisher, distributor, etc. মো: দেলোয়ার হোসেন,
Date of publication, distribution, etc. ২০১৬
300 ## - PHYSICAL DESCRIPTION
Pagination ১৩৩ পৃ. :
Illustrations চিত্র ;
Size ২০ সেমি.
504 ## - BIBLIOGRAPHY, ETC. NOTE
Bibliography, etc গ্রন্থপঞ্জী সংযুক্ত ।
650 ## - SUBJECT ADDED ENTRY--TOPICAL TERM
Topical term or geographic name as entry element চর্ম সংরক্ষণবিদ্যা
9 (RLIN) 221140
Topical term or geographic name as entry element Taxidermy.
9 (RLIN) 221141
942 ## - ADDED ENTRY ELEMENTS (KOHA)
Source of classification or shelving scheme Dewey Decimal Classification
Koha item type Books
Holdings
Lost status Source of classification or shelving scheme Damaged status Not for loan Collection code Permanent Location Current Location Shelving location Date acquired Source of acquisition Total Checkouts Full call number Date last seen Copy number Koha item type
  Dewey Decimal Classification   Not For Loan Non-fiction Central Library, University of Rajshahi Central Library, University of Rajshahi Reading Room 18/09/2017 Author   B 590.752 HOT 2016 12/04/2018 C-1 Books
  Dewey Decimal Classification     Non-fiction Central Library, University of Rajshahi Central Library, University of Rajshahi   18/09/2017 Author   B 590.752 HOT 2016 12/04/2018 C-2 Books
  Dewey Decimal Classification     Non-fiction Central Library, University of Rajshahi Central Library, University of Rajshahi   18/09/2017 Author   B 590.752 HOT 2016 12/04/2018 C-3 Books